BIBLIOTECA PODER JUDICIAL
Portal Judicial TDF

El control de legalidad judicial frente al poder de disposición administrativo : (Registro nro. 6219)

000 -LEADER
fixed length control field 01501nab a22002417a 4500
003 - CONTROL NUMBER IDENTIFIER
control field OSt
005 - DATE AND TIME OF LATEST TRANSACTION
control field 20260126004812.0
008 - FIXED-LENGTH DATA ELEMENTS--GENERAL INFORMATION
fixed length control field 190514b xxu||||| |||| 00| 0 spa d
040 ## - CATALOGING SOURCE
Transcribing agency PJ
100 ## - MAIN ENTRY--PERSONAL NAME
9 (RLIN) 6942
Personal name Passini, Fabiana L.
245 13 - TITLE STATEMENT
Title El control de legalidad judicial frente al poder de disposición administrativo :
Remainder of title un fallo que presume interseccionalidad /
Statement of responsibility, etc Fabiana L. Passini.
300 ## - PHYSICAL DESCRIPTION
Extent p. 125-134
500 ## - GENERAL NOTE
General note Cita: TR LALEY AR/DOC/2118/2024.
505 ## - FORMATTED CONTENTS NOTE
Formatted contents note Sumario: I. Que la falta de autocrítica no nos sesgue la necesaria mirada objetiva.— II. La mera acción dispositiva automatizada del Estado en su función administrativa.— III. El Poder Judicial en un intento efectivo de soluciones interseccionalizadas.— IV. La designación de abogado del niño ad hoc, en el caso como herramienta creativa indispensable.— V. Un atisbo de reflexión: el Estado como garante de derechos o como un mero gestor de intervenciones prejuiciosas.
505 ## - FORMATTED CONTENTS NOTE
Title Fallo comentado: JPaz, Mendoza ~ 12/04/2024 ~ ETI c. la adolescente A. G. X. s/ medida excepcional (control de legalidad).
650 #0 - SUBJECT ADDED ENTRY--TOPICAL TERM
9 (RLIN) 967
Topical term or geographic name as entry element DERECHO DE FAMILIA
650 #0 - SUBJECT ADDED ENTRY--TOPICAL TERM
9 (RLIN) 2989
Topical term or geographic name as entry element CONTROL DE LEGALIDAD
650 #0 - SUBJECT ADDED ENTRY--TOPICAL TERM
9 (RLIN) 4105
Topical term or geographic name as entry element ABOGADO DEL NIÑO
650 #0 - SUBJECT ADDED ENTRY--TOPICAL TERM
9 (RLIN) 877
Topical term or geographic name as entry element ADMINISTRACION PUBLICA
650 #0 - SUBJECT ADDED ENTRY--TOPICAL TERM
9 (RLIN) 1057
Topical term or geographic name as entry element JURISPRUDENCIA APLICABLE
773 0# - HOST ITEM ENTRY
Host Biblionumber 2844
Host Itemnumber 3222
Place, publisher, and date of publication Buenos Aires : AbeledoPerrot, 1989-
Title Derecho de familia. Revista Interdisciplinaria de doctrina y jurisprudencia. Octubre 2024-V.
International Standard Book Number 18511201
942 ## - ADDED ENTRY ELEMENTS (KOHA)
Source of classification or shelving scheme
Koha item type Analítica Artículo de Revista

No hay ítems disponibles.

12 de Octubre 789 Ushuaia - Tel:  54(02901)441571
Horario de Atención: 8.00 a 17.00 hs. 
bibliotecaush@justierradelfuego.gov.ar
koha@justierradelfuego.gov.ar
Seguinos en nuestras redes @bibliojustdf 

Con tecnología Koha